Biografía de grande cristianos / Orlando Bayer (Registro nro. 10237)

Detalles MARC
000 -LEADER
fixed length control field 00457nam a22001811a 4500
001 - CONTROL NUMBER
control field 10237
003 - CONTROL NUMBER IDENTIFIER
control field OSt
005 - DATE AND TIME OF LATEST TRANSACTION
control field 20260204212152.0
008 - FIXED-LENGTH DATA ELEMENTS--GENERAL INFORMATION
fixed length control field 080916s2001||||sp ||||||b||||||||||spa||
020 ## - NUMERO DE LIBRO INTERNACIONAL NORMALIZADO
International Standard Book Number 0829733582
050 ## - LIBRARY OF CONGRESS CALL NUMBER
Classification number 922 B695b
100 ## - ASIENTO PRINCIPAL -- NOMBRE PERSONAL
Personal name Bayer, Orlando
245 ## - TÍTULO PROPIAMENTE DICHO: SUBTÍTULO
Title Biografía de grande cristianos / Orlando Bayer
264 ## - PRODUCTION, PUBLICATION, DISTRIBUTION, MANUFACTURE, AND COPYRIGHT NOTICE
Place of production, publication, distribution, manufacture Estados Unidos de América: Vida
300 ## - PHYSICAL DESCRIPTION
Extensión 260 P.
650 ## - ASIENTO SECUNDARIO DE MATERIA -- TERMINO TEMÁTICO
Termino Temático Como Elemento de Entrada BIOGRAFIAS - CRISTIANOSÌ
942 ## - ADDED ENTRY ELEMENTS (KOHA)
Source of classification or shelving scheme Dewey Decimal Classification
Koha item type Libros
Existencias
Withdrawn status Lost status Source of classification or shelving scheme Damaged status Not for loan Current library Date acquired Total Checkouts Full call number Barcode Date last seen Price effective from Koha item type
    Dewey Decimal Classification     Biblioteca UTECO 09/09/2019   922 B695B 014260 09/09/2019 09/09/2019 Libros
    Dewey Decimal Classification     Biblioteca UTECO 09/09/2019   922 B695B 014261 09/09/2019 09/09/2019 Libros
© 2021 Derechos Reservados UTECO - Teléfono: +1 809-585-2291 - Correo electrónico: biblioteca@uteco.edu.do​  
Código postal 43000 ​​
Dirección: Avenida Universitaria No. 100, 
Cotuí, Provincia Sánchez Ramírez, República Dominicana - RNC: 404-00059-6